000
00211nam a2200097Ia 4500
008
240331s9999 xx 000 0 und d
082
_b
BHA
100
_a
Venkatachalapathy,A.R. ed
245
0
_a
Bharathi
942
_c
L
999
_c
5657
_d
5657